000 00288nam a22001337a 4500
008 181029b xxu||||| |||| 00| 0 eng d
020 _a9971400367
041 _aeng
080 _a701
100 _a45
101 _aART
245 _aThe Times Travel Library
_cMai, Ch
942 _2udc
_cBK
999 _c50994
_d50994